| 000 | 00487cam a22001932a 4500 | ||
|---|---|---|---|
| 001 | 015530 | ||
| 003 | AR-FADEU | ||
| 008 | 311216n1952####xxu####################dd | ||
| 092 |
_a861 _bM542a |
||
| 100 | _aMenéndez Pidal, Ramón | ||
| 245 | _aAntología de poetas líricos castellanos | ||
| 260 | _aBuenos Aires | ||
| 260 | _bEspasa-Calpe | ||
| 260 | _c1952 | ||
| 300 | _a10 v | ||
| 440 | _aObras completas | ||
| 650 | _aLITERATURA ESPAÑOLA; POESIA/REVISADO/ | ||
| 942 | _cBDGR | ||
| 999 |
_c21288 _d21288 |
||